000 00972cab a2200253 4500
001 ABS55185
008 090401t1996 xxu||||| |||| 00| 0 eng d
035 _a(Sirsi) u14705
041 _aeng
100 _aJohnston, B.
245 _aGuidance double whammy hits affordable housing prospects
260 _c1996
350 _a0
490 _aPlanning (for the Natural and Built Environment)
_v(1167), 3 May 1996, 8-9(2)
520 _aLooks at local authority objections to government draft guidance on planning and affordable housing. Covers gap between housing needs and provision, planning system effectiveness, financial constraints of local authority housing provision, national threshold, and site allocation practice.
650 _aAffordable housing
_96215
650 _aDRAFT PPG
650 _aHOUSING NEED ASSESSMENT
650 _aLOCAL AUTHORITIES
650 _aPLANNING POLICY
690 _aHOUSING-DEVELOPMENT
942 _n0
948 _c04/03/1997
999 _c9595
_d9595